Twinkle Twinkle Little Star ! (Record no. 4110)

MARC details
000 -LEADER
fixed length control field 00782nam a22002417a 4500
001 - CONTROL NUMBER
control field 4110
003 - CONTROL NUMBER IDENTIFIER
control field FISKH
005 - DATE AND TIME OF LATEST TRANSACTION
control field 20240607102733.0
008 - FIXED-LENGTH DATA ELEMENTS--GENERAL INFORMATION
fixed length control field 240607b cb ||||| |||| 00| 0 eng d
040 ## - CATALOGING SOURCE
Original cataloging agency FISKH
Language of cataloging eng
Transcribing agency FISKH
Modifying agency FISKH
082 ## - DEWEY DECIMAL CLASSIFICATION NUMBER
Classification number 398.8
100 ## - MAIN ENTRY--PERSONAL NAME
Personal name Moroney, Trace
Relator term author
245 ## - TITLE STATEMENT
Title Twinkle Twinkle Little Star !
Statement of responsibility, etc. by Trace Moroney
260 ## - PUBLICATION, DISTRIBUTION, ETC.
Place of publication, distribution, etc. Scoresby , Victoria :
Name of publisher, distributor, etc. The Five Mile Press ;
Date of publication, distribution, etc. 2012
300 ## - PHYSICAL DESCRIPTION
Extent 8 unnumbered pages :
Other physical details color illustrations ;
Dimensions 15 cm .
505 ## - FORMATTED CONTENTS NOTE
Formatted contents note B <br/>
520 ## - SUMMARY, ETC.
Summary, etc. As you read the rhymes, solve the accompanying puzzles, all illustrated by Tracy Mulroney.
521 8# - TARGET AUDIENCE NOTE
Target audience note 40 <br/>
Source Lexile estimate <br/>
521 8# - TARGET AUDIENCE NOTE
Target audience note B <br/>
Source Raz-Plus <br/>
650 ## - SUBJECT ADDED ENTRY--TOPICAL TERM
Topical term or geographic name entry element nursery rhymes
Form subdivision Children Fiction
942 ## - ADDED ENTRY ELEMENTS (KOHA)
Source of classification or shelving scheme Dewey Decimal Classification
Koha item type Books
Suppress in OPAC No
Holdings
Withdrawn status Lost status Source of classification or shelving scheme Damaged status Not for loan Collection Home library Current library Shelving location Date acquired Total Checkouts Full call number Barcode Date last seen Price effective from Koha item type
    Dewey Decimal Classification     Juvenile Fiction Footprints International School Library Network Toul Kork Campus Footprints International School Library Network Toul Kork Campus   06/07/2024   MOR 398.8 FISTK02746 06/07/2024 06/07/2024 Books